000 00401nam a22001817a 4500
001 00028960
005 20260429120731.0
008 260429b ag ||||| |||| 00| 0 spa d
020 _a9788419096074
040 _bspa
_cAR-CcCEOS
080 _a82-2
090 _bMUS1
245 _aMushihime 1
260 _aBuenos Aires :
_bIvrea.
300 _c20x15 cm.
650 0 _acomic
942 _2udc
_cBK
999 _c29013
_d29013
945 _a66467
_bMelina Rolando
_c66467
_dMelina Rolando